UBT Library

Sharpshooters 76 (Record no. 41976)

000 -LEADER
fixed length control field 00940ckm a22002537a 4500
001 - CONTROL NUMBER
control field 19276688
005 - DATE AND TIME OF LATEST TRANSACTION
control field 20180207033659.0
007 - PHYSICAL DESCRIPTION FIXED FIELD--GENERAL INFORMATION
fixed length control field kj co
008 - FIXED-LENGTH DATA ELEMENTS--GENERAL INFORMATION
fixed length control field 160916s1976 ilunnn kneng
010 ## - LIBRARY OF CONGRESS CONTROL NUMBER
LC control number 2016649841
040 ## - CATALOGING SOURCE
Original cataloging agency DLC
Language of cataloging eng
Description conventions dcrmg
Transcribing agency DLC
041 ## - LANGUAGE CODE
Language code of text/sound track or separate title eng
080 ## - UNIVERSAL DECIMAL CLASSIFICATION NUMBER
Universal Decimal Classification number 32 JOH
100 1# - Rafti
Rafti 22
101 ## - Shkurtesa
Shkurtesa POL
245 10 - TITLE STATEMENT
Title Sharpshooters 76
Statement of responsibility, etc by John L. Doyle.
540 ## - TERMS GOVERNING USE AND REPRODUCTION NOTE
Terms governing use and reproduction Publication may be restricted. For information see "Fine Print Collection,"
Uniform Resource Identifier <a href="http://www.loc.gov/rr/print/res/375_fine.html">http://www.loc.gov/rr/print/res/375_fine.html</a>
580 ## - LINKING ENTRY COMPLEXITY NOTE
Linking entry complexity note Forms part of: Fine print filing series (Library of Congress).
773 0# - HOST ITEM ENTRY
Title Fine print filing series (Library of Congress)
Record control number (DLC) 2003656551
906 ## - LOCAL DATA ELEMENT F, LDF (RLIN)
a 7
b cbc
c orignew
d u
e ncip
f 20
g y-printpho
942 ## - ADDED ENTRY ELEMENTS (KOHA)
Source of classification or shelving scheme
Item type Books
Holdings
Withdrawn status Lost status Source of classification or shelving scheme Damaged status Not for loan Collection code Permanent location Current location Shelving location Date acquired Total Checkouts Full call number Barcode Date last seen Price effective from Koha item type
          Koleksioni i përgjithshem UBT - Lipjan UBT - Lipjan Koleksioni i përgjithshem 02/07/2018   32 DAN 002-2998055 02/07/2018 02/07/2018 Books
UBT Library © 2015-2024. All rights reserved University Education for Business and Technology